000 00422nam a2200181Ia 4500
001 12986
005 20260306163020.0
008 260306t1999||||xx |||||||||||||| ||spa||
041 _aESP
082 _aRD 540.3
_bO95
100 _aOxford-Complutense
_eAUT
245 0 _aDiccionario de química
260 _c1999
300 _a645 páginas :
_c19 cm.
650 _aGEN
654 _aCCN
942 _cDIC
_dJUS
_fJUS
_2ddc
_n
999 _c12986
_d12986